[Event "Weekend"]
[Site "Gravina di Catania ITA"]
[Date "2000.12.10"]
[Round "5"]
[White "Bonaccorsi, Fabrizio"]
[Black "Reitano, Marcello"]
[Result "1-0"]
[WhiteElo "2128"]
[BlackElo "1882"]
[PlyCount "88"]
[EventDate "2000.12.08"]

1. d4 c5 2. c3 cxd4 3. cxd4 d5 4. Nc3 Nc6 5. Nf3 Nf6 6. Bf4 a6 7. e3 Nh5 8. Bd3
Nxf4 9. exf4 g6 10. Qb3 e6 11. Ne5 Nxd4 12. Qa4+ Nc6 13. Nxc6 bxc6 14. Qxc6+
Bd7 15. Qb7 Bc5 16. Qb3 Qc7 17. g3 Qa7 18. O-O h5 19. h4 Kf8 20. Qc2 Kg7 21.
Qe2 Bd4 22. Rad1 Bf6 23. Nb1 a5 24. b3 Rab8 25. Nd2 a4 26. Rb1 axb3 27. axb3
Rb4 28. Rfc1 Rhb8 29. Qd1 e5 30. Ra1 Qb7 31. fxe5 Bxe5 32. Ra2 Rc8 33. Rac2
Rxc2 34. Qxc2 Bd6 35. Bf1 Qb8 36. Bg2 Be6 37. Qd3 Qb6 38. Qc3+ Kh7 39. Nf3 d4
40. Ng5+ Kg7 41. Nxe6+ fxe6 42. Qc8 Qb8 43. Qxe6 d3 44. Rc8 Qxc8 1-0